000 00362cam a22001217a 4500
008 180718b1992 xxu||||| |||| 00| 0 eng d
020 _a81 7211 016 2
100 _aBajpai, Antima
245 _aBhartiya nirvachan padhti ek samikchatmak addhyan
_cby Antima Bajpai
260 _aNew Delhi
_bNardan Book Center
_c1992
300 _a269p.
650 _aIndian - election
999 _c439370
_d439370